000 00621nac a22002051u 4500
020 _a0333554779
082 _a530.1
_bWAT
090 _c6946
_d6946
100 _aWatson, Keith L.
245 _aFoundation science for engineers/
_cKeith L. Watson
260 _aBasingstoke :
_b Macmillan, 1993.
_c 1993.
300 _avii,311p.:
_bill.;
_c24 cm.
500 _adistributer: Al-Ahram
511 _acatalogued by: wessam
650 _aPhysical sciences
942 _cBB
_k530.1WAT
_hRDA-MOD
999 _c6946
_d6946
336 _2rdacontent
_atext
_btxt
337 _aunmediated
_2rdamedia
_bn
338 _avolume
_bnc
_2rdacarrier